| 000 | 00755pam a2200241 a 4500 | ||
|---|---|---|---|
| 001 | 4925245 | ||
| 005 | 20180307034753.0 | ||
| 008 | 950517s1996 iluab b 001 0 eng | ||
| 010 | _a 95022442 | ||
| 020 | _a0256140545 | ||
| 020 | _a0256190747 (annotated instructor's ed.) | ||
| 040 |
_aDLC _cDLC _dDLC |
||
| 041 | _aeng | ||
| 080 | _a650 wil | ||
| 082 | 0 | 0 |
_a650 wil _220 |
| 100 | 1 | _a60 | |
| 101 | _abus | ||
| 245 | 1 | 0 |
_aUnderstanding business / _cWilliam G. Nickels, James M. McHugh, Susan M. McHugh. |
| 504 | _aIncludes bibliographical references and indexes. | ||
| 906 |
_a7 _bcbc _corignew _d1 _eocip _f19 _gy-gencatlg |
||
| 942 |
_2ddc _cBK |
||
| 999 |
_c44261 _d44261 |
||